|
|
|
|
| LEADER |
01128nam a2200397 4500 |
| 001 |
DLU110117636 |
| 005 |
##20101221 |
| 040 |
# |
# |
|a DLU
|b eng
|
| 041 |
# |
# |
|a eng
|
| 044 |
# |
# |
|a ko
|
| 245 |
# |
# |
|a AEGIS : An advanced lattice physics code for light water reactor analyses /
|c Yamamoto, A. ... [et al.].
|
| 653 |
# |
# |
|a AEGIS
|
| 653 |
# |
# |
|a Burnup calculation
|
| 653 |
# |
# |
|a Lattice physics computation
|
| 653 |
# |
# |
|a Method of characteristics
|
| 653 |
# |
# |
|a Resonance calculation
|
| 653 |
# |
# |
|a Validation
|
| 653 |
# |
# |
|a Verification
|
| 700 |
# |
# |
|a Endo, T.
|
| 700 |
# |
# |
|a Mori, M.
|
| 700 |
# |
# |
|a Ohoka, Y.
|
| 700 |
# |
# |
|a Sugimura, N.
|
| 700 |
# |
# |
|a Tabuchi, M.
|
| 700 |
# |
# |
|a Tatsumi, M.
|
| 700 |
# |
# |
|a Ushio, T.
|
| 700 |
# |
# |
|a Yamamoto, A.
|
| 773 |
# |
# |
|t Nuclear engineering and technology
|g Vol. 42, no. 5 (2010), p. 500-519
|
| 920 |
# |
# |
|a Phòng Tạp chí -- Trung tâm Thông tin - Thư viện Trường Đại học Đà Lạt
|
| 994 |
# |
# |
|a DLU
|
| 900 |
# |
# |
|a True
|
| 911 |
# |
# |
|a Trương Bảo Trâm Anh
|
| 925 |
# |
# |
|a G
|
| 926 |
# |
# |
|a A
|
| 927 |
# |
# |
|a BB
|
| 980 |
# |
# |
|a Thư viện Trường Đại học Đà Lạt
|